000 00957nam a2200253 a 4500
008 120416s1990 ||||||||||||||||| || u
020 _a0256070369
050 _aHD 60.5.U5 Stu
100 _aSturdivant, Frederick D
245 1 0 _aBusiness and society: a managerial approach . (4th ed.)
250 _a4th ed.
260 _aHomewood, Ill.:
_bIrwin
_c1990
300 _axxii, 361p. : ill.
350 _a0.00
490 _aThe Irwin series in management and the behavioral sciences
500 _aIncludes bibliographical references.
650 _aINDUSTRIES--SOCIAL ASPECTS--UNITED STATES
650 _aUNITED STATES--COMMERCE
650 _aIndustrial management--United States
650 _aINDUSTRY
650 _aBUSINESS ETHICS--UNITED STATES
700 _aVernon, Heidi, 1938-
995 _D0.00
_FCBU-MAIN LIBRARY (Kitwe)
_H1
_I12.95
_M1
_UAVAILABLE
_ZMain Library Open Access Collection
999 _c36395
_d36395